Film con maggiori incassi nel 2010 - Statistics

Statistiche generali
  • Questo quiz è stato fatto 4 volte
  • Il punteggio medio è 5 su 10
Statistiche sulle risposte
Incasso ($) Film % Corretto
1 066 969 709 Toy Story 3
100%
828 258 695 Inception
67%
623 933 331 Iron Man 2
67%
1 025 467 110 Alice in Wonderland
33%
543 113 958 Cattivissimo Me
33%
494 878 759 Dragon Trainer
33%
972 050 767 Harry Potter e i doni della morte - Parte 1
33%
592 461 732 Rapunzel - L'intreccio della torre
33%
752 600 867 Shrek e vissero felici e contenti
33%
698 491 347 The Twilight Saga: Eclipse
33%
Nessun quiz corrispondente trovato
Distribuzione punteggi
Percentuale di utenti per punteggio
Percentile per numero di risposta
I tuoi punteggi nel tempo
Non hai fatto questo quiz